LOS NOVELISTAS COMO CRITICOS (Registro nro. 57954)
[ vista simple ]
| 000 -LEADER | |
|---|---|
| fixed length control field | 01132nam a2200217 a 4500 |
| 001 - CONTROL NUMBER | |
| control field | 57954 |
| 005 - DATE AND TIME OF LATEST TRANSACTION | |
| control field | 20180714054346.0 |
| 008 - FIXED-LENGTH DATA ELEMENTS--GENERAL INFORMATION | |
| fixed length control field | 140415s1991 mx 000 0 spa d |
| 020 ## - INTERNATIONAL STANDARD BOOK NUMBER | |
| International Standard Book Number | 9681636368 |
| 041 ## - LANGUAGE CODE | |
| Language code of text/sound track or separate title | spa |
| 082 ## - DEWEY DECIMAL CLASSIFICATION NUMBER | |
| Classification number | 809.3 |
| Item number | KLA |
| 245 04 - TITLE STATEMENT | |
| Title | LOS NOVELISTAS COMO CRITICOS |
| 250 ## - EDITION STATEMENT | |
| Edition statement | 1a ed. |
| 260 ## - PUBLICATION, DISTRIBUTION, ETC. | |
| Place of publication, distribution, etc. | MEXICO : |
| Name of publisher, distributor, etc. | FONDO DE CULTURA ECONOMICA, |
| Date of publication, distribution, etc. | 1991 |
| 300 ## - PHYSICAL DESCRIPTION | |
| Extent | 271 |
| Dimensions | 15.7 x 3.3 x 23 |
| 490 ## - SERIES STATEMENT | |
| Series statement | CRITICA/ARQUEOLOGIA |
| 500 ## - GENERAL NOTE | |
| General note | KLAHN, NORMA Y CORRAL, WILFRIDO H. ., SON COMPILADORES |
| 520 ## - SUMMARY, ETC. | |
| Summary, etc. | EL ARTE DE LA NOVELA, EN SU CARACTER REPOSADO, COMPLEJO Y HETEROCLITO, CONTIENE LA CIRTUD DE GENERAR SU PROPIA AUTOCRITICA. ESTA ESCRITURA TAN EMPIRICA, PLANTEADA EN EL CORAZON DE LAS CIRCUNSTANCIAS, SABE APORTAR DE SI ANECDOTAS, PROCEDIMIENTOS, NOCIONES PRAGMATICOS. EL RELATO SE DOBLA EN UN RELATO DE SI MISMO, EL NOVELISTA SE VUELVE EL BIOGRAFO DEL AMANUENSE. LOS NOVELISTAS COMO CRITICOS, ES UNA AMPLIA MUESTRA DE TEXTOS EN LOS QUE LOS NARRADORES HABLAN DE SU OFICIO, OPINAN SOBRE LA OB |
| 650 14 - SUBJECT ADDED ENTRY--TOPICAL TERM | |
| Topical term or geographic name entry element | NOVELISTAS HISPANOAMERICANOS |
| 700 1# - ADDED ENTRY--PERSONAL NAME | |
| Personal name | KLAHN, NORMA -CORRAL, WILFRIDO H. |
| Relator term | coaut. |
| Withdrawn status | Lost status | Source of classification or shelving scheme | Damaged status | Not for loan | Collection code | Home library | Current library | Shelving location | Date acquired | Source of acquisition | Inventory number | Total Checkouts | Full call number | Barcode | Date last seen | Price effective from | Koha item type |
|---|---|---|---|---|---|---|---|---|---|---|---|---|---|---|---|---|---|
| Dewey Decimal Classification | General | Biblioteca Karol Wojtyla | Biblioteca Karol Wojtyla | Sala general | 03/12/2013 | Compra | 151000000000000000032346 | 809.3 KLA | 87448 | 05/01/2026 | 03/12/2013 | Libro |